000 00759cab a2200241 4500
001 WB3111-47
008 090401t1995 xxu||||| |||| 00| 0 eng d
035 _a(Sirsi) u29347
041 _aeng
245 _aPlant and machinery rating
260 _c1995
350 _a0
490 _aScotsman
_v14 March 1995, 32(1)
520 _aExamines the new Valuation for Rating (Plant and Machinery) Scotland Regulations 1994, to be introduced on 1 April 1995.
650 _aPLANT AND MACHINERY
650 _aSCOTLAND
650 _aVALUATION (PLANT AND MACHINERY) SCOTLAND ORDER 1983
650 _aVALUATION FOR RATING (DECAPITALISATION RATE) SCOTLAND
650 _aWOOD COMMITTEE
690 _aRATING AND VALUATION
942 _n0
948 _c04/03/1997
999 _c19770
_d19770